[Event "SRB-chT2 East"]
[Site "Vrnjacka Banja"]
[Date "2015.08.28"]
[Round "1.5"]
[White "Dubravcic, Nikola"]
[Black "Kuzmanovic, Aleksa"]
[Result "0-1"]
[WhiteElo "1862"]
[BlackElo "2059"]
[PlyCount "70"]
[EventDate "2015.08.28"]
[EventType "team-tourn"]
[EventRounds "11"]
[EventCountry "SRB"]
[SourceTitle "EXT 2022"]
[Source "ChessBase"]
[SourceDate "2021.10.06"]
[SourceVersion "1"]
[SourceVersionDate "2021.10.06"]
[SourceQuality "1"]

1. e4 c5 2. Nf3 d6 3. Bb5+ Nd7 4. c3 a6 5. Ba4 Ngf6 6. Bc2 Ne5 7. Nxe5 dxe5 8. 0-0 b5 9. d3 Qc7 10. f4 exf4 11. Bxf4 e5 12. Bg5 Be7 13. Nd2 Be6 14. Bb3 Bxb3 15. axb3 0-0 16. Bxf6 Bxf6 17. Qg4 Qe7 18. Rf3 Bg5 19. Nf1 Bf4 20. Rh3 Rfd8 21. Ng3 Bxg3 22. Rxg3 g6 23. Qe2 Qe6 24. Qc2 Rd7 25. Rf1 Rad8 26. Rgf3 c4 27. bxc4 bxc4 28. d4 exd4 29. cxd4 Rxd4 30. Rf6 Rd2 31. Qxd2 Rxd2 32. Rxe6 fxe6 33. Ra1 Rxb2 34. Rxa6 c3 35. Rc6 c2 0-1

[Event "SRB-chT3 East"]
[Site "Pozarevac"]
[Date "2014.10.02"]
[Round "1.52"]
[White "Vebel, Goran"]
[Black "Dubravcic, Nikola"]
[Result "1/2-1/2"]
[WhiteElo "2122"]
[BlackElo "1692"]
[PlyCount "39"]
[EventDate "2014.10.02"]
[EventType "team-swiss"]
[EventRounds "6"]
[EventCountry "SRB"]
[SourceTitle "EXT 2022"]
[Source "ChessBase"]
[SourceDate "2021.10.06"]
[SourceVersion "1"]
[SourceVersionDate "2021.10.06"]
[SourceQuality "1"]

1. d4 d5 2. c4 dxc4 3. Nf3 Nf6 4. e3 e6 5. Bxc4 c5 6. 0-0 Be7 7. Nc3 a6 8. Qe2 0-0 9. Rd1 Qc7 10. a3 b5 11. Bd3 Rd8 12. dxc5 Bxc5 13. Ne4 Nbd7 14. b4 Be7 15. Bb2 Bb7 16. Rac1 Qb8 17. Qc2 Rc8 18. Nxf6+ Nxf6 19. Qb1 Rxc1 20. Qxc1 1/2-1/2

[Event "SRB-chT2 East"]
[Site "Leskovac"]
[Date "2014.09.28"]
[Round "6.4"]
[White "Miljkovic, Jovana"]
[Black "Dubravcic, Nikola"]
[Result "0-1"]
[WhiteElo "1884"]
[BlackElo "1692"]
[PlyCount "48"]
[EventDate "2014.09.25"]
[EventType "team-swiss"]
[EventRounds "6"]
[EventCountry "SRB"]
[SourceTitle "EXT 2015"]
[Source "ChessBase"]
[SourceDate "2014.11.20"]
[SourceVersion "1"]
[SourceVersionDate "2014.11.20"]
[SourceQuality "1"]

1. d4 d5 2. c4 dxc4 3. Nf3 Nf6 4. e3 e6 5. Bxc4 Be7 6. Nc3 c5 7. 0-0 0-0 8. a3 a6 9. d5 b5 10. Ba2 b4 11. dxe6 bxc3 12. exf7+ Kh8 13. bxc3 Qxd1 14. Rxd1 Bg4 15. Rb1 Ra7 16. Rd2 Bf5 17. Rb6 Nbd7 18. Rc6 Ne4 19. Rd5 Bg6 20. Ne5 Nxe5 21. Rxe5 Nxc3 22. Bc4 Rd7 23. g3 Be4 24. f4 Bxc6 0-1

[Event "SRB-chT2 East"]
[Site "Leskovac"]
[Date "2014.09.27"]
[Round "4.4"]
[White "Stanojevic, Dragoljub"]
[Black "Dubravcic, Nikola"]
[Result "0-1"]
[WhiteElo "1966"]
[BlackElo "1692"]
[PlyCount "112"]
[EventDate "2014.09.25"]
[EventType "team-swiss"]
[EventRounds "6"]
[EventCountry "SRB"]
[SourceTitle "EXT 2015"]
[Source "ChessBase"]
[SourceDate "2014.11.20"]
[SourceVersion "1"]
[SourceVersionDate "2014.11.20"]
[SourceQuality "1"]

1. c4 c5 2. Nc3 Nf6 3. g3 d5 4. cxd5 Nxd5 5. Bg2 Nc7 6. Nf3 Nc6 7. 0-0 e5 8. d3 Be7 9. Be3 Be6 10. b3 Qd7 11. Re1 b6 12. Nd2 Rc8 13. Nc4 f6 14. Qd2 0-0 15. f4 b5 16. Nb2 Rfd8 17. Qc1 Nd4 18. fxe5 fxe5 19. Bf2 Nd5 20. e3 Nb4 21. Rd1 Bg4 22. Qd2 Bxd1 23. exd4 Bg4 24. d5 Rf8 25. a3 Na6 26. Re1 Bf3 27. Rxe5 Bxg2 28. Kxg2 Bf6 29. Re2 Bxc3 30. Qxc3 Qxd5+ 31. Kg1 b4 32. Qc4 Qxc4 33. Nxc4 bxa3 34. Nxa3 Nb4 35. Rd2 Rfd8 36. d4 cxd4 37. Bxd4 Nc6 38. Be3 Rxd2 39. Bxd2 Nd4 40. Be3 Nc2 41. Nxc2 Rxc2 42. Bxa7 Rb2 43. Bd4 Rxb3 44. Kg2 Kf7 45. h4 h5 46. Kh3 g6 47. Be5 Ke6 48. Bf4 Kf5 49. Bd6 Ke4 50. Bc7 Kf3 51. Bd6 Rb1 52. Kh2 Kg4 53. Kg2 Rb2+ 54. Kg1 Kf3 55. Be5 Rg2+ 56. Kh1 Rxg3 0-1

[Event "SRB-chT3 Ost"]
[Site "Kladovo"]
[Date "2013.10.18"]
[Round "2.17"]
[White "Doncic, Dragoljub"]
[Black "Dubravcic, Nikola"]
[Result "1-0"]
[WhiteElo "1835"]
[BlackElo "1658"]
[PlyCount "53"]
[EventDate "2013.10.17"]
[EventType "team-swiss"]
[EventRounds "8"]
[EventCountry "SRB"]
[SourceTitle "EXT 2015"]
[Source "ChessBase"]
[SourceDate "2014.11.20"]
[SourceVersion "1"]
[SourceVersionDate "2014.11.20"]
[SourceQuality "1"]

1. d4 d5 2. c4 dxc4 3. Nc3 Nf6 4. e3 b6 5. Bxc4 Bb7 6. Nf3 e6 7. 0-0 Be7 8. Re1 Nbd7 9. Qe2 c5 10. e4 cxd4 11. Nxd4 0-0 12. e5 Nd5 13. Nxd5 exd5 14. Bd3 f5 15. Ne6 Qe8 16. Nxf8 Qxf8 17. f4 Nc5 18. Be3 Ne6 19. Rac1 Qe8 20. Bxf5 Nc5 21. Red1 Rd8 22. Bd4 Qf8 23. Qg4 Kh8 24. Rc3 Ne4 25. Rh3 h6 26. Qg6 Qg8 27. Rxh6+ 1-0

[Event "SRB-chT2 East CS"]
[Site "Serbia"]
[Date "2012.09.16"]
[Round "4.18"]
[White "Kostic, Stefan"]
[Black "Dubravcic, Nikola"]
[Result "1-0"]
[WhiteElo "1972"]
[BlackElo "1677"]
[PlyCount "37"]
[EventDate "2012.09.14"]
[EventType "team"]
[EventRounds "9"]
[EventCountry "SRB"]
[SourceTitle "EXT 2015"]
[Source "ChessBase"]
[SourceDate "2014.11.20"]
[SourceVersion "1"]
[SourceVersionDate "2014.11.20"]
[SourceQuality "1"]

1. e4 e5 2. Bc4 Nc6 3. Nc3 Bc5 4. Qg4 Bf8 5. Qg3 Nf6 6. d3 d6 7. Nf3 Na5 8. Nxe5 Nxc4 9. Nxc4 Be6 10. Ne3 g6 11. 0-0 Bg7 12. Bd2 Qd7 13. a4 0-0 14. f4 Nh5 15. Qf3 c6 16. g4 Nf6 17. f5 gxf5 18. exf5 Bd5 19. Ncxd5 1-0